| 000 | 00801nam a22002657a 4500 | ||
|---|---|---|---|
| 001 | 81964 | ||
| 003 | DO-SdBNP | ||
| 005 | 20180131110927.0 | ||
| 007 | 81964 | ||
| 008 | 900918s1988 sp spa | ||
| 016 | 7 | _2BPMSU | |
| 020 | _a8434586568 | ||
| 040 |
_aBPMSU _bspa _cBPMSU |
||
| 100 | 1 | _aKennemore, Tim | |
| 245 | 1 | 0 |
_aMañana es hoy, hoy es ayer / _cTim Kennemore ; traducción de Gloria Pujol. |
| 260 | 1 |
_aBarcelona : _bSalvat, _c1988 |
|
| 300 |
_a113 p. ; _bil. : _c22 cm. |
||
| 490 | 1 |
_aBiblioteca juvenil (Salvat Editores) _v76 |
|
| 500 | _aTraducción de: Here tomorrow, gone today | ||
| 700 | 1 | _aPujol, Gloria | |
| 830 | 0 |
_aBiblioteca juvenil (Salvat Editores) _v76 |
|
| 942 |
_2ddc _cBK |
||
| 945 | _aInventariado, 2018 /LP | ||
| 956 |
_aVMATEO _210 _320151120 _6BPMSU _800151 |
||
| 999 |
_c8848 _d8848 |
||